Statistics for Countries with the most volcanoes

Click here to take the quiz!

General Stats

  • This quiz has been taken 36 times
  • The average score is 8 of 10

Answer Stats

VolcanoesAnswer% Correct
139Indonesia
100%
173United States
100%
112Japan
97%
104Chile
91%
43Mexico
91%
166Russia
91%
50Philippines
88%
53Papua new guinea
62%
130Iceland
59%
57Ethiopia
29%

Score Distribution

Percentile by Number Answered

Percent of People with Each Score

Your Score History

You have not taken this quiz